[Event "EU-ch U16"]
[Site "Rimavska Sobota"]
[Date "1996.??.??"]
[Round "2"]
[White "Felecan, Florin"]
[Black "Jenni, Florian"]
[Result "1-0"]
[WhiteElo "2335"]
[BlackElo "2215"]
[PlyCount "59"]
[EventDate "1996.??.??"]
[EventType "swiss"]
[EventRounds "9"]
[EventCountry "SVK"]
[SourceTitle "EXT 1997"]
[Source "ChessBase"]
[SourceDate "1996.11.15"]
[SourceVersion "1"]
[SourceVersionDate "1996.11.15"]
[SourceQuality "1"]

1. c4 e5 2. Nc3 Nf6 3. Nf3 Nc6 4. g3 g6 5. Bg2 Bg7 6. 0-0 0-0 7. Rb1 a5 8. d4 exd4 9. Nxd4 Nxd4 10. Qxd4 d6 11. Qd3 Nd7 12. b3 Nc5 13. Qc2 Re8 14. Bb2 Bf5 15. e4 Bd7 16. Rbd1 f5 17. Rfe1 fxe4 18. Nxe4 Bf5 19. Bxg7 Bxe4 20. Qc3 Qd7 21. Bh6 Bxg2 22. Kxg2 b6 23. h4 Qf7 24. h5 gxh5 25. Rd5 Re6 26. Rf5 Qd7 27. Qf3 Qd8 28. Rg5+ Rg6 29. Qd5+ Kh8 30. Qd4+ 1-0